00668nam a2200217Ia 450000500170000000800460001702000180006303700100008104000080009104000080009904000080010704100080011504100080012308400080013110001450013924500310028426000260031526000090034165000220035085600780037220260306153635.0008 260114s9999 xx 000 0 eng d a9781868149780 aEBOOK aCRL beng cCRL 2eng aeng qCRL aHeffernan/Nieftagodien/Mxolisi Ndlovu/Peterson/Macqueen/Lissoni/Mkhabela/Kwena Mokwena/Badat/Lekgoathi/Xaba/Molo/Rueedi/Lalu/Kunene/Brockman 0aStudents Must Rise 1st ed bWits University Press c2018 aPolitical Science uhttps://www.cambridge.org/core/product/identifier/9781868149780/type/BOOK